Đấu trường vinh quang - Ngày ấy và bây giờ
Cuốn sách 240 trang này không phải là một công trình tổng hợp đầy đủ những sự kiện vinh quang của thể thao Việt Nam, mà nó chỉ là những chấm phá về những con người đã làm nên những sự kiện đáng nhớ, mang lại những vinh quang cho Việt Nam....
Сохранить в:
| Формат: | |
|---|---|
| Язык: | Undetermined |
| Опубликовано: |
Thành phố Hồ Chí Minh
Trẻ
2006
|
| Предметы: | |
| Метки: |
Добавить метку
Нет меток, Требуется 1-ая метка записи!
|
| Thư viện lưu trữ: | Trung tâm Học liệu Trường Đại học Cần Thơ |
|---|
| LEADER | 00919nam a2200205Ia 4500 | ||
|---|---|---|---|
| 001 | CTU_112446 | ||
| 008 | 210402s9999 xx 000 0 und d | ||
| 020 | |c 35000 | ||
| 082 | |a 796.092 | ||
| 082 | |b Đ125 | ||
| 245 | 0 | |a Đấu trường vinh quang - Ngày ấy và bây giờ | |
| 245 | 0 | |c Nhiều tác giả | |
| 260 | |a Thành phố Hồ Chí Minh | ||
| 260 | |b Trẻ | ||
| 260 | |c 2006 | ||
| 520 | |a Cuốn sách 240 trang này không phải là một công trình tổng hợp đầy đủ những sự kiện vinh quang của thể thao Việt Nam, mà nó chỉ là những chấm phá về những con người đã làm nên những sự kiện đáng nhớ, mang lại những vinh quang cho Việt Nam. | ||
| 650 | |a Sports | ||
| 650 | |x Records | ||
| 904 | |i Minh | ||
| 980 | |a Trung tâm Học liệu Trường Đại học Cần Thơ | ||